Marketingový informačný systém v riadení marketingovej činnosti podniku

Návrh tvorby marketingového informačného systému pre riadenie marketingu v podniku.

Guardado en:
Detalles Bibliográficos
Autor principal: Kretter, Anton
Formato: Capítulo de libro
Lenguaje:eslovaco
Materias:
Etiquetas: Agregar Etiqueta
Sin Etiquetas, Sea el primero en etiquetar este registro!

MARC

LEADER 00000naa$a2200000$$$4500
001 0086029
005 20230908101900.7
041 0 |a slo 
044 |a SK 
245 1 0 |a Marketingový informačný systém v riadení marketingovej činnosti podniku  |c Anton Kretter 
520 |a Návrh tvorby marketingového informačného systému pre riadenie marketingu v podniku. 
610 2 0 |a systémy informačné 
610 2 0 |a prostredie podnikateľské 
610 2 0 |a konkurencia 
610 2 0 |a výskum 
610 2 0 |a podnik 
100 1 |a Kretter, Anton